<?xml version="1.0" encoding="UTF-8"?><marc:collection xmlns:marc="http://www.loc.gov/MARC21/slim">
  <marc:record>
    <marc:leader>00000nas  2200000za 4500</marc:leader>
    <marc:controlfield tag="001">9.832506</marc:controlfield>
    <marc:controlfield tag="003">CaOODSP</marc:controlfield>
    <marc:controlfield tag="005">20221107150011</marc:controlfield>
    <marc:controlfield tag="007">cr |||||||||||</marc:controlfield>
    <marc:controlfield tag="008">170216d19281948oncar p oss  f0###a0eng|d</marc:controlfield>
    <marc:datafield tag="040" ind1=" " ind2=" ">
      <marc:subfield code="a">CaOODSP</marc:subfield>
      <marc:subfield code="b">eng</marc:subfield>
    </marc:datafield>
    <marc:datafield tag="043" ind1=" " ind2=" ">
      <marc:subfield code="a">n-cn---</marc:subfield>
    </marc:datafield>
    <marc:datafield tag="086" ind1="1" ind2=" ">
      <marc:subfield code="a">CS43-201E-PDF</marc:subfield>
    </marc:datafield>
    <marc:datafield tag="245" ind1="0" ind2="4">
      <marc:subfield code="a">The electrical apparatus and supplies industry in Canada </marc:subfield>
      <marc:subfield code="h">[electronic resource].</marc:subfield>
    </marc:datafield>
    <marc:datafield tag="246" ind1="1" ind2="6">
      <marc:subfield code="a">Electrical apparatus and supplies industry</marc:subfield>
      <marc:subfield code="f">1933-1948</marc:subfield>
    </marc:datafield>
    <marc:datafield tag="246" ind1="1" ind2="6">
      <marc:subfield code="a">Manufactures of the non-ferrous metals :$bthe electrical apparaus and supplies industry in Canada</marc:subfield>
      <marc:subfield code="f">1931-1932</marc:subfield>
    </marc:datafield>
    <marc:datafield tag="246" ind1="1" ind2="6">
      <marc:subfield code="a">Manufactures of the non-ferrous metals :$bthe electrical apparatus and supplies industry</marc:subfield>
      <marc:subfield code="f">1933-1934</marc:subfield>
    </marc:datafield>
    <marc:datafield tag="246" ind1="1" ind2="6">
      <marc:subfield code="a">Manufactures of the non-ferrous metals group : the electrical apparatus and supplies industry</marc:subfield>
      <marc:subfield code="f">1935-1948</marc:subfield>
    </marc:datafield>
    <marc:datafield tag="246" ind1="1" ind2="3">
      <marc:subfield code="a">Electrical apparatus &amp; supplies industry in Canada</marc:subfield>
      <marc:subfield code="f">1931-1943</marc:subfield>
    </marc:datafield>
    <marc:datafield tag="260" ind1=" " ind2=" ">
      <marc:subfield code="a">[Ottawa] : </marc:subfield>
      <marc:subfield code="b">Dominion Bureau of Statistics, Mining, Metallurgical and Chemical Branch,</marc:subfield>
      <marc:subfield code="c">[1929-1949]</marc:subfield>
    </marc:datafield>
    <marc:datafield tag="310" ind1=" " ind2=" ">
      <marc:subfield code="a">Annual</marc:subfield>
    </marc:datafield>
    <marc:datafield tag="362" ind1="0" ind2=" ">
      <marc:subfield code="a">1927-1948.</marc:subfield>
    </marc:datafield>
    <marc:datafield tag="500" ind1=" " ind2=" ">
      <marc:subfield code="a">Digitized edition from print [produced by Statistics Canada].</marc:subfield>
    </marc:datafield>
    <marc:datafield tag="500" ind1=" " ind2=" ">
      <marc:subfield code="a">Issues for 1935-1948 published in series: Annual industry bulletin.</marc:subfield>
    </marc:datafield>
    <marc:datafield tag="515" ind1=" " ind2=" ">
      <marc:subfield code="a">Issues for 1929 and 1930 not published.</marc:subfield>
    </marc:datafield>
    <marc:datafield tag="520" ind1=" " ind2=" ">
      <marc:subfield code="a">Primary statistics of the electrical apparatus industry, including number of establishments, capital investment, fuel consumption, material costs, and employees, salaries and wages.</marc:subfield>
    </marc:datafield>
    <marc:datafield tag="550" ind1=" " ind2=" ">
      <marc:subfield code="a">Issued 1945-1947 by the Mining, Metallurgical &amp; Chemical Statistics; 1948 by the Industry and Merchandising Division, Mining, Metallurgical and Chemical Section.</marc:subfield>
    </marc:datafield>
    <marc:datafield tag="692" ind1="0" ind2="7">
      <marc:subfield code="2">gccst</marc:subfield>
      <marc:subfield code="a">Electrical equipment</marc:subfield>
    </marc:datafield>
    <marc:datafield tag="692" ind1="0" ind2="7">
      <marc:subfield code="2">gccst</marc:subfield>
      <marc:subfield code="a">Statistics</marc:subfield>
    </marc:datafield>
    <marc:datafield tag="710" ind1="1" ind2=" ">
      <marc:subfield code="a">Canada. </marc:subfield>
      <marc:subfield code="b">Dominion Bureau of Statistics. </marc:subfield>
      <marc:subfield code="b">Mining, Metallurgical and Chemical Branch.</marc:subfield>
    </marc:datafield>
    <marc:datafield tag="710" ind1="1" ind2=" ">
      <marc:subfield code="a">Canada.</marc:subfield>
      <marc:subfield code="b">Census of Industry.</marc:subfield>
      <marc:subfield code="b">Mining, Metallurgical and Chemical Statistics.</marc:subfield>
    </marc:datafield>
    <marc:datafield tag="710" ind1="1" ind2=" ">
      <marc:subfield code="a">Canada. </marc:subfield>
      <marc:subfield code="b">Dominion Bureau of Statistics. </marc:subfield>
      <marc:subfield code="b">Mining, Metallurgical and Chemical Section.</marc:subfield>
    </marc:datafield>
    <marc:datafield tag="780" ind1="0" ind2="0">
      <marc:subfield code="t">The electrical apparatus industry </marc:subfield>
      <marc:subfield code="w">(CaOODSP)9.832504</marc:subfield>
    </marc:datafield>
    <marc:datafield tag="785" ind1="0" ind2="0">
      <marc:subfield code="t">The electrical apparatus and supplies industry </marc:subfield>
      <marc:subfield code="w">(CaOODSP)9.832508</marc:subfield>
    </marc:datafield>
  </marc:record>
</marc:collection>
